Molecular quantum mechanics /

Gespeichert in:
Bibliographische Detailangaben
Hauptverfasser: Atkins, Peter William (Verfasst von), Friedman, R.S (Verfasst von)
Format: Buch
Sprache:Englisch
Veröffentlicht: Oxford : Oxford University Press, 2011
Ausgabe:5. vyd.
Schlagworte:
Tags: Tag hinzufügen
Keine Tags, Fügen Sie das erste Tag hinzu!

MARC

LEADER 00000nam a22000003a 4500
001 0084873
005 20201202093711.1
008 980216s1997------------------------eng-d
020 |a 978-0-19-954142-3 
040 |a STU  |b slo 
041 0 |a eng 
080 |a 539.1 
080 |a 530.145 
084 |a A0365  |2 INS 
084 |a A3000  |2 INS 
100 1 |a Atkins, Peter William  |4 aut 
245 1 |a Molecular quantum mechanics /  |c aut. Peter William Atkins, R.S Friedman 
250 |a 5. vyd. 
260 |a Oxford :  |b Oxford University Press,  |c 2011 
300 |a 537 s. 
650 7 |a kvantová mechanika  |2 stusub 
650 7 |a atómová fyzika  |2 stusub 
650 7 |a molekulová fyzika  |2 stusub 
700 1 |a Friedman, R.S.  |4 aut 
996 |b 284M088504  |c M* 14407-1  |l MMKN  |s A  |a 24  |w 0084873_0001